Proceso penal y justicia restaurativa (Registro nro. 320325)

Detalles MARC
000 -ENCABEZADO
Número de control [NR] 00953nam a22002297a 4500
005 - FECHA Y HORA DE LA ÚLTIMA TRANSACCIÓN
control field 20220112110546.0
008 - DE LONGITUD FIJA DE DATOS DE ELEMENTOS - INFORMACIÓN GENERAL
Elementos de longitud fija [NR] 220112s2010 ck |||gr|||| 00| 0 spa d
020 ## - NUMERO INTERNACIONAL NORMALIZADO PARA LIBROS [R]
Número Internacional Normalizado del libro [NR] 9789588450216
040 ## - FUENTE DE CATALOGACION [NR]
Agencia de catalogación original [NR] CO-BoUCM
Idioma de catalogación [NR] spa
Quien Cataloga Deissy Garcia
Quien Clasifica Deissy Garcia
041 0# - CODIGO DE IDIOMA [R]
Código de idioma para texto/pista de sonido o título separado [R] Español
100 1# - ASIENTO PRINCIPAL--NOMBRE PERSONAL [NR]
ID Autoridad 172866
Nombre personal [NR] Bernal Suárez, Fabio David
245 10 - MENCION DE TITULO [NR]
Título [NR] Proceso penal y justicia restaurativa
Parte restante del título [NR] la necesaria búsqueda de soluciones fuera del sistema acusatorio
Mención de responsabilidad, etc. [NR] Fabio David Bernal Suárez, María Idali Molina Guerrero
260 ## - PUBLICACION, DISTRIBUCION, ETC. (PIE DE IMPRENTA) [R]
Lugar de publicación, distribución, etc. [R] Bogotá
Nombre del editor, distribuidor, etc. [R] Ediciones Nueva Jurídica
Fecha de publicación, distribución, etc. [R] 2010
300 ## - DESCRIPCION FISICA [R]
Extensión [R] 230 páginas
504 ## - NOTA DE BIBLIOGRAFIA, ETC. [R]
Nota de bibliografía, etc. [NR] Incluye referencias bibliográficas
650 #7 - ASIENTO SECUNDARIO DE MATERIA - TERMINO TEMATICO [R]
Término temático o nombre geográfico como elemento de entrada [NR] Procedimiento penal
Subdivisión geográfica [R] Colombia
9 (RLIN) 30719
650 #7 - ASIENTO SECUNDARIO DE MATERIA - TERMINO TEMATICO [R]
Término temático o nombre geográfico como elemento de entrada [NR] Justicia restaurativa
Subdivisión geográfica [R] Colombia
9 (RLIN) 30993
650 #7 - ASIENTO SECUNDARIO DE MATERIA - TERMINO TEMATICO [R]
Término temático o nombre geográfico como elemento de entrada [NR] Reparación (Justicia penal)
Subdivisión geográfica [R] Colombia
9 (RLIN) 80142
700 1# - ASIENTO SECUNDARIO - NOMBRE PERSONAL [R]
Nombre personal [NR] Molina Guerrero, María Idali
9 (RLIN) 172867
942 ## - ELEMENTOS DE ENTRADA AGREGADOS (KOHA)
Sistema de clasificación DEWEY
Tema principal Derecho
Tipo de ítem principal el descrito en 300a Libro
Edición 1
Clasificación 345.0508694
Parte restante de la signatura top. B517p
Título oculto en OPAC No
Existencias
Fecha de último préstamo Total préstamos Signatura topográfica Código de barras Última vez visto Ejemplar Costo de reposición Price effective from Tipo de ítem Perdido Sistema de clasificación Dañado No prestable Tipo de ítem específico Suprimido Ubicación habitual Ubicación actual Localización Fecha de creación Forma de adquisición Costo
16/05/2023 1 345.0508694 B517p 100168914 04/12/2025 Ej.1 260000.00 12/01/2022 Libro   DEWEY     Libro   Claustro Claustro 3er piso 12/01/2022 Donación 0.00